Devine les fruits avec seulement 3 lettres - Statistiques

Statistiques générales
  • Ce quiz a été pris 1 121 fois
  • Le résultat moyen est 10 sur 10
Statistiques - réponses
2 Lettres Fruit % Correct
AVO Avocat
100%
CIT Citron
100%
POI Poire
100%
POM Pomme
100%
ANA Ananas
99%
BAN Banane
99%
KIW Kiwi
99%
ORA Orange
99%
FRA Fraise
98%
PAM Pamplemousse
94%
Aucun quiz correspondant
Distribution des résultats
% des personnes avec chaque résultat
Percentile par nombre de réponses
Votre historique - résultats
Vous n’avez pas pris ce quiz